[Event "Tbilisi zt (Women)"]
[Site "Tbilisi"]
[Date "1999.??.??"]
[Round "2"]
[White "Tqeshelashvili, Sopio"]
[Black "Cinar, Nilufer"]
[Result "1-0"]
[WhiteElo "2321"]
[BlackElo "2052"]
[EventDate "1999.05.07"]
[PlyCount "85"]

1.e4 c5 2.Nf3 Nc6 3.d3 g6 4.g3 Bg7 5.Bg2 e6 6.O-O Nge7 7.c3 O-O 8.Re1 d6 
9.Na3 Rb8 10.d4 cxd4 11.cxd4 d5 12.e5 Nf5 13.Nc2 Bd7 14.Bf4 Rc8 15.Qd2 h5 
16.h3 Qa5 17.b4 Qa4 18.Rec1 Rfe8 19.g4 hxg4 20.hxg4 Nfe7 21.Nfe1 f5 22.Nd3
b6 23.Bf1 Nd8 24.Nb2 Qc6 25.Ba6 Rb8 26.Ne3 Qa8 27.Rc7 Bc6 28.Bg5 Bf8 29.b5
Bb7 30.Bxb7 Rxb7 31.Rc3 Nf7 32.Bf6 fxg4 33.Nxg4 Nf5 34.Rh3 Rc7 35.Nd1 Rc4 
36.Rd3 Qc8 37.Nde3 Nxe3 38.Qxe3 Be7 39.Kg2 Qd8 40.Qh3 Rc7 41.Rh1 Bxf6 42.
Qh7+ Kf8 43.exf6 1-0

[Event "Tbilisi zt (Women)"]
[Site "Tbilisi"]
[Date "1999.??.??"]
[Round "3"]
[White "Botsari, Anna Maria"]
[Black "Nikoladze, Sopio"]
[Result "0-1"]
[WhiteElo "2333"]
[BlackElo "2262"]
[EventDate "1999.05.07"]
[PlyCount "108"]

1.d4 d5 2.c4 c6 3.Nf3 Nf6 4.e3 Bg4 5.Qb3 Qb6 6.Nc3 e6 7.Ne5 Bf5 8.c5 Qc7 
9.Be2 h6 10.Bd2 Nbd7 11.f4 Be7 12.Rc1 Nxe5 13.fxe5 Ne4 14.Nxe4 Bxe4 15.O-O
O-O 16.Be1 b6 17.cxb6 axb6 18.a3 c5 19.Bd3 Bxd3 20.Qxd3 c4 21.Qe2 f6 22.
exf6 Bxf6 23.Qg4 Qd7 24.Bb4 Rf7 25.Rc2 e5 26.Qxd7 Rxd7 27.dxe5 Bxe5 28.Rd1
b5 29.Rcd2 Kf7 30.Rxd5 Rxd5 31.Rxd5 Bxb2 32.Rxb5 Rc8 33.Bc5 c3 34.Rb7+ Ke6
35.Bd4 Bxa3 36.Bxc3 Rxc3 37.Rxg7 Bc5 38.Kf1 Bxe3 39.Rg3 Kf5 40.Ke2 Kf4 41.
Rg6 Rc2+ 42.Kd3 Rd2+ 43.Kc3 Kf5 44.Rg3 Bf4 45.Rg8 Rd6 46.g4+ Ke4 47.h4 Kf3
48.Kc4 Kg3 49.g5 h5 50.Rf8 Kxh4 51.Rxf4+ Kxg5 52.Rf8 h4 53.Rh8 Rh6 54.Rg8+
Kh5 0-1

[Event "Tbilisi zt (Women)"]
[Site "Tbilisi"]
[Date "1999.??.??"]
[Round "3"]
[White "Charkhalashvili, Inga"]
[Black "Khmiadashvili, Tamari"]
[Result "1-0"]
[WhiteElo "2147"]
[BlackElo "2197"]
[EventDate "1999.05.07"]
[PlyCount "132"]

1.d4 Nf6 2.Bg5 d5 3.e3 Ne4 4.Bh4 c6 5.Nd2 Nxd2 6.Qxd2 Qb6 7.c4 a5 8.Nf3 e6
9.a3 a4 10.Be2 dxc4 11.Ne5 Qc7 12.Nxc4 b5 13.Bg3 Qd8 14.Ne5 Bb7 15.Rc1 Bd6
16.Bf3 Ra6 17.O-O O-O 18.Nd3 Be7 19.Bxb8 Qxb8 20.Nc5 Bxc5 21.Rxc5 Rd8 22.
Qc3 Rd6 23.Rc1 Qd8 24.Qb4 Rb6 25.Qa5 g6 26.g3 Kg7 27.Kf1 b4 28.axb4 Ba6+ 
29.Be2 Bxe2+ 30.Kxe2 Qb8 31.R1c4 Rd5 32.Qxa4 Rxc5 33.dxc5 Rb5 34.Qc2 e5 
35.Qd2 h5 36.f4 Qc8 37.fxe5 Qh3 38.Ke1 Rb7 39.Rh4 Qe6 40.Kf2 Ra7 41.Kg2 
Qa2 42.Qd4 Qb3 43.e6+ Kh7 44.e7 Qc2+ 45.Kf3 Ra1 46.Rxh5+ gxh5 47.Qe4+ 
Qxe4+ 48.Kxe4 Ra8 49.Ke5 Kg7 50.b5 cxb5 51.c6 Re8 52.Kd6 f5 53.b4 Kf7 54.
c7 Kf6 55.Kd7 Rxe7+ 56.Kd8 Rg7 57.c8=Q Rg8+ 58.Kc7 Rxc8+ 59.Kxc8 Ke5 60.
Kc7 Kd5 61.Kb6 Kc4 62.Ka5 Kd3 63.Kxb5 Kxe3 64.Kc4 h4 65.b5 h3 66.b6 Kf2 
1-0

[Event "Tbilisi zt (Women)"]
[Site "Tbilisi"]
[Date "1999.??.??"]
[Round "3"]
[White "Danielian, Elina"]
[Black "Khurtsilava, Inga"]
[Result "1-0"]
[WhiteElo "2353"]
[BlackElo "2259"]
[EventDate "1999.05.07"]
[PlyCount "101"]

1.Nf3 g6 2.g3 b6 3.Bg2 Bb7 4.O-O Bg7 5.c4 Nf6 6.Nc3 O-O 7.d4 Ne4 8.Nxe4 
Bxe4 9.d5 c5 10.Nd2 Bxg2 11.Kxg2 d6 12.e4 Nd7 13.f4 a6 14.a4 b5 15.a5 Rb8 
16.Qc2 Qc7 17.Re1 Rfe8 18.cxb5 axb5 19.Nf3 c4 20.Be3 Nc5 21.a6 Ra8 22.Bxc5
Qxc5 23.Ra5 Qb4 24.Ra2 Ra7 25.e5 Qc5 26.Qf2 Rea8 27.Qxc5 dxc5 28.Rea1 f6 
29.Ra5 Rb8 30.Kf2 fxe5 31.Nxe5 Bxe5 32.fxe5 Rb6 33.Ke3 Kf7 34.Ke4 Ke8 35.
e6 Kd8 36.Rf1 Kc7 37.Rf8 Raxa6 38.Rxa6 Rxa6 39.Re8 Ra2 40.Rxe7+ Kb6 41.d6 
Rxb2 42.d7 Re2+ 43.Kf3 Rd2 44.Re8 c3 45.e7 Rd3+ 46.Ke2 Rd2+ 47.Ke1 Rxd7 
48.Rb8+ Ka5 49.e8=Q c2 50.Rxb5+ Ka4 51.Rxc5 1-0

[Event "Tbilisi zt (Women)"]
[Site "Tbilisi"]
[Date "1999.??.??"]
[Round "3"]
[White "Darchia, Diana"]
[Black "Gvetadze, Sofio"]
[Result "0-1"]
[WhiteElo "2445"]
[BlackElo "2174"]
[EventDate "1999.05.07"]
[PlyCount "102"]

1.e4 c5 2.Nf3 e6 3.d4 cxd4 4.Nxd4 Nc6 5.Nxc6 bxc6 6.Bd3 d5 7.O-O Nf6 8.Nd2
Be7 9.b3 O-O 10.Bb2 a5 11.a4 Qc7 12.Qe2 Bb7 13.Rfe1 Rfd8 14.exd5 cxd5 15.
Qe3 Ba6 16.Be5 Qb7 17.h3 Rac8 18.c4 Nd7 19.Bc3 Bb4 20.Bxb4 Qxb4 21.Rac1 
Nc5 22.Bb1 dxc4 23.Ne4 Nxe4 24.Qxe4 g6 25.bxc4 Qxa4 26.c5 Qb5 27.Ba2 Bb7 
28.Qe3 Bd5 29.Bb1 Bc4 30.Rc3 Rxc5 31.Ba2 Rdc8 32.Rec1 R5c6 33.Bxc4 Rxc4 
34.Qd3 Rxc3 35.Qxb5 Rxc1+ 36.Kh2 R8c5 37.Qe8+ Kg7 38.g4 R1c2 39.Kg3 R2c3+ 
40.f3 R3c4 41.Qd8 Rd5 42.Qe7 a4 43.h4 Rcc5 44.g5 Rf5 45.Qa7 Rc4 46.Qg1 
Rcf4 47.Qa1+ e5 48.Qc1 Rxf3+ 49.Kg2 a3 50.h5 gxh5 51.Qa1 a2 0-1

[Event "Tbilisi zt (Women)"]
[Site "Tbilisi"]
[Date "1999.??.??"]
[Round "3"]
[White "Fakhiridou, Ekaterini"]
[Black "Manakova, Maria"]
[Result "1-0"]
[WhiteElo "2239"]
[BlackElo "2344"]
[EventDate "1999.05.07"]
[PlyCount "65"]

1.e4 c5 2.b3 d6 3.Bb2 Nf6 4.Bb5+ Bd7 5.Bxd7+ Nbxd7 6.d3 g6 7.Ne2 Bg7 8.O-O
O-O 9.h3 b5 10.Nd2 Nb6 11.c4 bxc4 12.dxc4 a5 13.a4 Nbd7 14.f4 Nb8 15.Nc3 
Nfd7 16.Rb1 Nc6 17.Nb5 Nf6 18.Nf3 Qc8 19.Qe2 Nh5 20.Bxg7 Nxg7 21.Qf2 f5 
22.Qh4 Ne6 23.Rbe1 Kg7 24.e5 dxe5 25.Nxe5 Ned8 26.Rf3 Rf6 27.Rd3 Re6 28.
Nd7 Rxe1+ 29.Qxe1 Qb7 30.Qe3 Kf7 31.Qxc5 Rc8 32.Qd5+ Ne6 33.Qxe6+ 1-0

[Event "Tbilisi zt (Women)"]
[Site "Tbilisi"]
[Date "1999.??.??"]
[Round "3"]
[White "Goletiani, Rusudan"]
[Black "Bojkovic, Natasa"]
[Result "1/2-1/2"]
[WhiteElo "2310"]
[BlackElo "2424"]
[EventDate "1999.05.07"]
[PlyCount "24"]

1.Nf3 d6 2.d4 Bg4 3.g3 Bxf3 4.exf3 d5 5.Bd3 e6 6.Kf1 Bd6 7.Kg2 Ne7 8.b3 c5
9.dxc5 Bxc5 10.Bb2 O-O 11.f4 Nbc6 12.Nd2 Bd4 1/2-1/2

[Event "Tbilisi zt (Women)"]
[Site "Tbilisi"]
[Date "1999.??.??"]
[Round "3"]
[White "Javakhishvili, Lela"]
[Black "Sanli, Emine"]
[Result "1-0"]
[WhiteElo "2181"]
[BlackElo "2050"]
[EventDate "1999.05.07"]
[PlyCount "69"]

1.d4 Nf6 2.c4 e6 3.Nf3 d5 4.Nc3 Be7 5.Bg5 O-O 6.cxd5 exd5 7.Qc2 h6 8.Bh4 
Nbd7 9.e3 c6 10.Bd3 Re8 11.O-O Ne4 12.Bxe4 Bxh4 13.Bh7+ Kh8 14.Bd3 Bf6 15.
b4 Nf8 16.b5 Bd7 17.Rab1 Qa5 18.bxc6 Bxc6 19.Qb3 a6 20.Rfc1 Nd7 21.Ne2 g6 
22.Nf4 Kg7 23.Bc2 Nf8 24.Nd3 Rab8 25.Nb4 Re6 26.Bd3 Rd8 27.Rc5 Qb6 28.Qc2 
Qc7 29.Nxd5 Qd7 30.Nb6 Qd6 31.d5 Ree8 32.dxc6 Qxd3 33.Qxd3 Rxd3 34.c7 Re6 
35.g3 1-0

[Event "Tbilisi zt (Women)"]
[Site "Tbilisi"]
[Date "1999.??.??"]
[Round "3"]
[White "Kalevic, Sanja"]
[Black "Khurtsidze, Nino"]
[Result "1/2-1/2"]
[WhiteElo "2354"]
[BlackElo "2405"]
[EventDate "1999.05.07"]
[PlyCount "111"]

1.e4 c5 2.Nf3 e6 3.c4 Nc6 4.Nc3 Qb6 5.Be2 Nf6 6.O-O Be7 7.a3 O-O 8.b4 cxb4
9.axb4 Bxb4 10.e5 Ne8 11.Na4 Qc7 12.d4 d6 13.exd6 Bxd6 14.Nc3 b6 15.Nb5 
Qe7 16.Nxd6 Nxd6 17.c5 bxc5 18.dxc5 Nf5 19.Qa4 Bd7 20.Qe4 Rfd8 21.Bd3 Be8 
22.g4 Rxd3 23.Qxd3 Rd8 24.Qe4 Nfd4 25.Bb2 Qxc5 26.Rfc1 Nxf3+ 27.Qxf3 Qb5 
28.Rab1 Qg5 29.Rd1 Rc8 30.h3 h5 31.Kh2 Ne5 32.Bxe5 Qxe5+ 33.Qg3 Qg5 34.
gxh5 Qxh5 35.Rg1 g6 36.Rb8 Qc5 37.Rxc8 Qxc8 38.Qd6 a5 39.Rd1 Qc6 40.Qxc6 
Bxc6 41.Rd6 Bd5 42.Ra6 g5 43.Rxa5 Kg7 44.Kg3 Kg6 45.Rb5 Be4 46.h4 gxh4+ 
47.Kxh4 Bf5 48.Kg3 Kg5 49.Kf3 Kf6 50.Kf4 Bd3 51.Rb6 Bg6 52.Ke3 Bf5 53.Kd4 
Bg6 54.Kc5 Ke5 55.Rb4 Be4 56.Kc4 1/2-1/2

[Event "Tbilisi zt (Women)"]
[Site "Tbilisi"]
[Date "1999.??.??"]
[Round "3"]
[White "Khorava, Miranda"]
[Black "Cinar, Nilufer"]
[Result "1-0"]
[WhiteElo "2210"]
[BlackElo "2052"]
[EventDate "1999.05.07"]
[PlyCount "89"]

1.Nf3 d5 2.d4 e6 3.g3 Nf6 4.Bg2 Be7 5.b3 c5 6.Bb2 cxd4 7.Nxd4 O-O 8.O-O 
Nc6 9.Nd2 Bd7 10.c4 Nxd4 11.Bxd4 Bc6 12.e3 Re8 13.Qe2 Bd6 14.cxd5 Nxd5 15.
Rfd1 Qe7 16.e4 Nb4 17.Nc4 Bc5 18.Bxc5 Qxc5 19.a3 Na6 20.Nd6 Red8 21.b4 Qe5
22.f4 Qc3 23.e5 Bxg2 24.Qxg2 Rd7 25.Rdc1 Qd4+ 26.Kh1 Qb6 27.Ra2 Nc7 28.
Nxb7 Nd5 29.Nd6 h6 30.Rac2 Rad8 31.Rc5 Qa6 32.Qf3 f6 33.Qg4 f5 34.Qf3 Nf6 
35.Qb3 Nd5 36.b5 Qb6 37.a4 Rxd6 38.exd6 Qxd6 39.Rc6 Qd7 40.Re1 Re8 41.Kg1 
a6 42.Rxa6 Nc7 43.Rc6 Qd4+ 44.Qe3 Qd7 45.Qe5 1-0

[Event "Tbilisi zt (Women)"]
[Site "Tbilisi"]
[Date "1999.??.??"]
[Round "3"]
[White "Lomineishvili, Maia"]
[Black "Edzgveradze, Natalia"]
[Result "1-0"]
[WhiteElo "2375"]
[BlackElo "2295"]
[EventDate "1999.05.07"]
[PlyCount "73"]

1.d4 Nf6 2.Bg5 e6 3.e4 h6 4.Bxf6 Qxf6 5.Nc3 d6 6.Qd2 g5 7.Bc4 Nc6 8.Nge2 
Bg7 9.Nb5 Qe7 10.c3 a6 11.Na3 Bd7 12.O-O O-O-O 13.b4 Nb8 14.Bb3 Rdf8 15.c4
f5 16.exf5 Rxf5 17.b5 Rhf8 18.Bc2 R5f6 19.Rab1 d5 20.Qe3 g4 21.bxa6 Nxa6 
22.Qb3 b6 23.c5 Nxc5 24.dxc5 Qxc5 25.Qg3 e5 26.Rbc1 Qd6 27.Rcd1 Qc5 28.Rc1
Qd6 29.Qb3 h5 30.Nb5 Bxb5 31.Qxb5 R6f7 32.Bb3 Rd7 33.Rc6 Qa3 34.Qxb6 Rff7 
35.Nc3 Kd8 36.Qb8+ Ke7 37.Nxd5+ 1-0

[Event "Tbilisi zt (Women)"]
[Site "Tbilisi"]
[Date "1999.??.??"]
[Round "3"]
[White "Maisuradze, Nino"]
[Black "Petraki, Maria"]
[Result "1-0"]
[WhiteElo "2143"]
[BlackElo "2140"]
[EventDate "1999.05.07"]
[PlyCount "83"]

1.d4 Nf6 2.c4 c5 3.d5 e6 4.Nc3 exd5 5.cxd5 d6 6.e4 g6 7.f4 Bg7 8.Nf3 O-O 
9.Be2 Re8 10.e5 dxe5 11.fxe5 Ng4 12.Bg5 f6 13.exf6 Bxf6 14.Qd2 Bxg5 15.
Qxg5 Qxg5 16.Nxg5 Ne3 17.Kf2 Nc2 18.Rad1 Nd4 19.Bc4 Rf8+ 20.Kg1 a6 21.Ne6 
Bxe6 22.dxe6 Kg7 23.e7 Re8 24.Nd5 Nbc6 25.Nc7 Rac8 26.Nxe8+ Rxe8 27.Re1 b5
28.Bd5 Nb4 29.Bb7 a5 30.h3 Nd3 31.Re4 Nxb2 32.Kh2 Nc4 33.Ba6 Nd6 34.Re5 
Ra8 35.Bb7 Rb8 36.Bd5 c4 37.Rd1 N4f5 38.g4 Nh4 39.Kg3 g5 40.Bc6 Ng6 41.
e8=Q Nxe8 42.Rxe8 1-0

[Event "Tbilisi zt (Women)"]
[Site "Tbilisi"]
[Date "1999.??.??"]
[Round "3"]
[White "Makropoulou, Marina"]
[Black "Mkrtchian, Lilit"]
[Result "1/2-1/2"]
[WhiteElo "2294"]
[BlackElo "2294"]
[EventDate "1999.05.07"]
[PlyCount "127"]

1.e4 e6 2.d4 d5 3.Nc3 Bb4 4.Qd3 dxe4 5.Qxe4 Nf6 6.Qh4 b6 7.Nf3 Bb7 8.Bd2 
Nbd7 9.Bd3 Qe7 10.a3 Bxc3 11.Bxc3 Nd5 12.Qxe7+ Kxe7 13.Bd2 c5 14.O-O Rac8 
15.Rfe1 c4 16.Bf1 f6 17.h4 Kf7 18.g3 c3 19.bxc3 Nxc3 20.Bg2 Bd5 21.Re3 Na4
22.Ne1 Bxg2 23.Kxg2 Rc4 24.c3 Rhc8 25.Rc1 b5 26.Nd3 Ndb6 27.Rce1 R4c6 28.
Nf4 Nc4 29.R3e2 Nxd2 30.Rxd2 Nxc3 31.h5 a5 32.Re3 b4 33.axb4 axb4 34.Re1 
Ra8 35.Nd3 Nd5 36.Nc5 Rb6 37.Nd7 Rd6 38.Nc5 Rc6 39.Rb2 Ra3 40.h6 gxh6 41.
Rc1 Ra8 42.Re1 h5 43.Rh1 Kg6 44.Re1 e5 45.Nd3 exd4 46.Nxb4 Rb6 47.Nd3 Rxb2
48.Nxb2 Ra2 49.Nd3 Rd2 50.Nc5 Ne3+ 51.Kg1 Rd1 52.Rxd1 Nxd1 53.Ne6 d3 54.
Nf4+ Kf5 55.Nxd3 Kg4 56.Kg2 h4 57.f3+ Kg5 58.gxh4+ Kxh4 59.Nc5 Ne3+ 60.Kf2
Nd5 61.Ne6 Kh3 62.Ng7 Kh4 63.Ne6 h5 64.Kg2 1/2-1/2

[Event "Tbilisi zt (Women)"]
[Site "Tbilisi"]
[Date "1999.??.??"]
[Round "3"]
[White "Matnadze, Ana"]
[Black "Gasparian, Narine"]
[Result "1-0"]
[WhiteElo "2283"]
[BlackElo "2170"]
[EventDate "1999.05.07"]
[PlyCount "53"]

1.d4 d6 2.Nf3 Nf6 3.g3 Nbd7 4.Bg2 e5 5.c4 Be7 6.Nc3 c6 7.O-O O-O 8.h3 Re8 
9.e4 a6 10.a4 a5 11.Be3 Qc7 12.Re1 Nb8 13.Qd2 Na6 14.Rad1 Nb4 15.Nh2 Bd7 
16.f4 exf4 17.gxf4 Rad8 18.Qf2 Rf8 19.f5 Bc8 20.Kh1 Kh8 21.Rg1 Rfe8 22.Bf3
g6 23.Ng4 Ng8 24.Qg2 Qd7 25.Ne2 d5 26.Ne5 Qc7 27.Nxf7+ 1-0

[Event "Tbilisi zt (Women)"]
[Site "Tbilisi"]
[Date "1999.??.??"]
[Round "3"]
[White "Prudnikova, Svetlana"]
[Black "Tqeshelashvili, Sopio"]
[Result "1-0"]
[WhiteElo "2415"]
[BlackElo "2321"]
[EventDate "1999.05.07"]
[PlyCount "59"]

1.Nf3 d5 2.d4 Nf6 3.c4 c6 4.Nc3 e6 5.Bg5 dxc4 6.e4 b5 7.e5 h6 8.Bh4 g5 9.
Nxg5 hxg5 10.Bxg5 Nbd7 11.g3 Qb6 12.exf6 Bb7 13.Bg2 c5 14.d5 O-O-O 15.O-O 
b4 16.Rb1 Bh6 17.Bh4 Nf8 18.Qg4 Kc7 19.Rfd1 Bc8 20.Qxc4 bxc3 21.bxc3 Qd6 
22.Rb5 Nd7 23.Qa4 Ba6 24.dxe6 Qxd1+ 25.Qxd1 Bxb5 26.Qd5 Rb8 27.exd7 Bxd7 
28.Qxc5+ Kd8 29.Qe7+ Kc8 30.h3 1-0

[Event "Tbilisi zt (Women)"]
[Site "Tbilisi"]
[Date "1999.??.??"]
[Round "3"]
[White "Stiri, Alexandra"]
[Black "Sisman, Gizem"]
[Result "1/2-1/2"]
[WhiteElo "2092"]
[BlackElo "2050"]
[EventDate "1999.05.07"]
[PlyCount "83"]

1.e4 c6 2.d4 d5 3.Nc3 dxe4 4.Nxe4 Bf5 5.Ng3 Bg6 6.h4 h6 7.Nf3 Nd7 8.h5 Bh7
9.Bd3 Bxd3 10.Qxd3 Ngf6 11.Bf4 Nd5 12.Bd2 e6 13.c4 N5f6 14.O-O-O Qc7 15.
Rh4 Bd6 16.Ne2 O-O-O 17.Qb3 Qb6 18.Qa4 Bc7 19.Kb1 c5 20.Nc3 cxd4 21.Nb5 e5
22.Nxc7 Qxc7 23.Qxa7 b6 24.Qa8+ Nb8 25.c5 bxc5 26.Ba5 Qc6 27.Qxc6+ Nxc6 
28.Bxd8 Rxd8 29.Rc1 Nd7 30.b4 Nxb4 31.Nxe5 Nxe5 32.Rxc5+ Nbc6 33.f4 d3 34.
Rh1 Ng4 35.Rxc6+ Kb7 36.Rcc1 d2 37.Rcd1 Nf2 38.Rhf1 Nxd1 39.Rxd1 Rd4 40.g3
Rd3 41.Kc2 Rxg3 42.Rxd2 1/2-1/2

[Event "Tbilisi zt (Women)"]
[Site "Tbilisi"]
[Date "1999.??.??"]
[Round "3"]
[White "Tsurtsumia, Natia"]
[Black "Hlgatian, Goar"]
[Result "1/2-1/2"]
[WhiteElo "2122"]
[BlackElo "2239"]
[EventDate "1999.05.07"]
[PlyCount "127"]

1.e4 e6 2.d4 d5 3.exd5 exd5 4.Nf3 Bg4 5.h3 Bh5 6.Qe2+ Qe7 7.Be3 Nc6 8.Nc3 
O-O-O 9.O-O-O Qe8 10.g4 Bg6 11.Ne5 Bb4 12.Nb5 Nge7 13.c3 Ba5 14.Nxg6 hxg6 
15.Bg2 Qd7 16.Rhe1 a6 17.Na3 Qd6 18.Nc2 f6 19.f4 f5 20.Bd2 Rde8 21.Qe6+ 
Qxe6 22.Rxe6 Nd8 23.Re2 c6 24.Ne1 Bc7 25.Nd3 Bd6 26.Rde1 Kd7 27.b3 Nc8 28.
c4 dxc4 29.bxc4 Rxe2 30.Rxe2 Re8 31.Rxe8 Kxe8 32.Ne5 Ne7 33.Kc2 g5 34.fxg5
Bxe5 35.dxe5 fxg4 36.hxg4 Ng6 37.Bc3 Ne6 38.Be4 Kf7 39.Bf5 b5 40.Kb3 c5 
41.a3 Ngf4 42.Bd2 Nd4+ 43.Kc3 Nde2+ 44.Kc2 Nd4+ 45.Kc3 Nde2+ 46.Kb2 Ne6 
47.Be4 Nc7 48.Ba5 Ne6 49.g6+ Ke7 50.Bb7 N2d4 51.Bxa6 Nc6 52.Be1 bxc4 53.
Bg3 Nf8 54.Bb5 Nd4 55.Bxc4 Nxg6 56.Bf2 Nxe5 57.Kc3 Nxg4 58.Bxd4 cxd4+ 59.
Kxd4 Kd6 60.a4 Kc6 61.Ke4 Kb6 62.Kf4 Nf6 63.Kf5 Ka5 64.Bb3 1/2-1/2

[Event "Tbilisi zt (Women)"]
[Site "Tbilisi"]
[Date "1999.??.??"]
[Round "4"]
[White "Bojkovic, Natasa"]
[Black "Kalevic, Sanja"]
[Result "1/2-1/2"]
[WhiteElo "2424"]
[BlackElo "2354"]
[EventDate "1999.05.07"]
[PlyCount "62"]

1.e4 e6 2.d4 d5 3.Nd2 dxe4 4.Nxe4 Nd7 5.g3 b6 6.Bg2 Rb8 7.Ne2 Bb7 8.O-O 
Ngf6 9.Qd3 Nxe4 10.Bxe4 Bxe4 11.Qxe4 Nf6 12.Qc6+ Qd7 13.Qxd7+ Nxd7 14.Be3 
Be7 15.Rad1 O-O 16.Rd3 Rbc8 17.Rfd1 Rfd8 18.c4 c6 19.Nc3 Kf8 20.f4 Nf6 21.
Kg2 g6 22.Kf3 h5 23.h3 Rd7 24.Ne2 Rcd8 25.b3 Ne8 26.R3d2 Nc7 27.Nc1 Bb4 
28.Rd3 Ba3 29.R3d2 Bb4 30.Rd3 Ba3 31.R3d2 Bb4 1/2-1/2

[Event "Tbilisi zt (Women)"]
[Site "Tbilisi"]
[Date "1999.??.??"]
[Round "4"]
[White "Charkhalashvili, Inga"]
[Black "Makropoulou, Marina"]
[Result "1-0"]
[WhiteElo "2147"]
[BlackElo "2294"]
[EventDate "1999.05.07"]
[PlyCount "62"]

1.d4 d5 2.Nf3 e6 3.c4 c6 4.Nc3 Nf6 5.Bg5 h6 6.Bh4 dxc4 7.e4 g5 8.Bg3 b5 9.
a3 Nbd7 10.Be2 Bb7 11.h4 g4 12.Ne5 h5 13.O-O Qb6 14.Re1 a6 15.Bf1 Bg7 16.
Kh1 Nxe5 17.Bxe5 O-O-O 18.a4 g3 19.Qf3 gxf2 20.Red1 Rh6 21.Rac1 Rg6 22.
axb5 axb5 23.b3 cxb3 24.Nxb5 Nd7 25.Bc7 Qxc7 26.Nxc7 Kxc7 27.Qxf2 Rg4 28.
Bd3 Kc8 29.d5 exd5 30.exd5 Kc7 31.dxc6 Bxc6 1-0

[Event "Tbilisi zt (Women)"]
[Site "Tbilisi"]
[Date "1999.??.??"]
[Round "4"]
[White "Cinar, Nilufer"]
[Black "Hlgatian, Goar"]
[Result "1-0"]
[WhiteElo "2052"]
[BlackElo "2239"]
[EventDate "1999.05.07"]
[PlyCount "107"]

1.e4 e6 2.d4 d5 3.Nc3 Bb4 4.exd5 exd5 5.Bd3 Nc6 6.a3 Be7 7.Nge2 Bg4 8.Be3 
Nf6 9.f3 Be6 10.Nf4 Qd7 11.Qd2 O-O-O 12.Nxe6 Qxe6 13.Ne2 Bd6 14.O-O-O Rhe8
15.Bf2 Ne7 16.Kb1 c6 17.Rc1 Kb8 18.c4 dxc4 19.Rxc4 Nfd5 20.Rhc1 Nc8 21.Be4
Ncb6 22.R4c2 f5 23.Bd3 g6 24.Re1 Qf6 25.Nc3 Nxc3+ 26.Rxc3 Nd5 27.Rb3 Rxe1+
28.Qxe1 Qe7 29.Qd1 Re8 30.Qc2 Kc8 31.Bc4 Qf7 32.a4 Bc7 33.Qd2 Qd7 34.a5 
Bf4 35.Qc2 a6 36.Bf1 Be3 37.Bc4 Bf4 38.Qd3 Bc7 39.Bxa6 bxa6 40.Qxa6+ Kd8 
41.Bh4+ Ne7 42.Qa8+ Qc8 43.Qxc6 Qd7 44.Qc5 Qd6 45.Qb5 Qd7 46.Qc4 Bd6 47.a6
Qc8 48.Qa4 Qd7 49.Qa5+ Qc7 50.Rb8+ Kd7 51.Rb7 Qxb7 52.axb7 Nc6 53.Qb5 Kc7 
54.d5 1-0

[Event "Tbilisi zt (Women)"]
[Site "Tbilisi"]
[Date "1999.??.??"]
[Round "4"]
[White "Edzgveradze, Natalia"]
[Black "Khorava, Miranda"]
[Result "1/2-1/2"]
[WhiteElo "2295"]
[BlackElo "2210"]
[EventDate "1999.05.07"]
[PlyCount "84"]

1.d4 Nf6 2.c4 e6 3.Nc3 Bb4 4.e3 Ne4 5.Qc2 f5 6.Bd3 O-O 7.Ne2 b6 8.a3 Bxc3+
9.Nxc3 Nxc3 10.Qxc3 Bb7 11.O-O d6 12.Qc2 c5 13.b3 Nd7 14.f3 Qe7 15.Bb2 Qf7
16.Rad1 Rad8 17.b4 e5 18.Qa4 a6 19.bxc5 bxc5 20.d5 f4 21.exf4 exf4 22.Qc2 
g6 23.Rfe1 Rfe8 24.Bc3 Rxe1+ 25.Rxe1 Re8 26.Re4 Rxe4 27.Bxe4 Nf6 28.Bd3 
Bc8 29.Qd2 Nh5 30.Bb2 Qe7 31.Be4 Kf7 32.Kf1 Qd8 33.Bc2 Bd7 34.Bc3 Qh4 35.
Kg1 Qe7 36.Kf1 Qh4 37.Kg1 Qe7 38.Bb2 Qd8 39.Kf1 Qh4 40.Kg1 Qd8 41.Kf1 Qh4 
42.Kg1 Qd8 1/2-1/2

[Event "Tbilisi zt (Women)"]
[Site "Tbilisi"]
[Date "1999.??.??"]
[Round "4"]
[White "Fakhiridou, Ekaterini"]
[Black "Danielian, Elina"]
[Result "1/2-1/2"]
[WhiteElo "2239"]
[BlackElo "2353"]
[EventDate "1999.05.07"]
[PlyCount "22"]

1.e4 c6 2.d4 d5 3.Nc3 dxe4 4.Nxe4 Nd7 5.Nf3 Ngf6 6.Nxf6+ Nxf6 7.c3 Bg4 8.
h3 Bxf3 9.Qxf3 e6 10.Be2 Bd6 11.Bg5 Be7 1/2-1/2

[Event "Tbilisi zt (Women)"]
[Site "Tbilisi"]
[Date "1999.??.??"]
[Round "4"]
[White "Gasparian, Narine"]
[Black "Darchia, Diana"]
[Result "1-0"]
[WhiteElo "2170"]
[BlackElo "2445"]
[EventDate "1999.05.07"]
[PlyCount "71"]

1.d4 Nf6 2.c4 c5 3.Nf3 cxd4 4.Nxd4 e5 5.Nb5 d5 6.cxd5 Bc5 7.N5c3 O-O 8.e3 
e4 9.a3 a5 10.Be2 Nbd7 11.Nd2 Qe7 12.Qc2 Re8 13.O-O Nf8 14.Ndxe4 Bb6 15.
Nxf6+ Qxf6 16.Bd2 Ng6 17.Bd3 Nh4 18.Bxh7+ Kh8 19.Be4 Bd7 20.Qd1 Qh6 21.Kh1
Rac8 22.Bf3 Bc7 23.e4 g5 24.Bh5 Kg7 25.f4 gxf4 26.g3 Bh3 27.gxh4 Bxf1 28.
Qg4+ Kh8 29.Rxf1 Rg8 30.Qf5 f6 31.Bf7 Qxh4 32.Bxg8 Rxg8 33.Bxf4 Bb6 34.Bd2
Bd4 35.Qf4 Qh3 36.Qh6+ 1-0

[Event "Tbilisi zt (Women)"]
[Site "Tbilisi"]
[Date "1999.??.??"]
[Round "4"]
[White "Gvetadze, Sofio"]
[Black "Matnadze, Ana"]
[Result "0-1"]
[WhiteElo "2174"]
[BlackElo "2283"]
[EventDate "1999.05.07"]
[PlyCount "120"]

1.e4 c5 2.Nf3 d6 3.d4 cxd4 4.Nxd4 Nf6 5.Nc3 Nc6 6.Bc4 Bd7 7.O-O g6 8.Nxc6 
Bxc6 9.Nd5 Bg7 10.Bg5 Bxd5 11.exd5 O-O 12.Re1 Qd7 13.Bb3 Rfc8 14.Qd2 Qf5 
15.f3 Rc7 16.Re2 b5 17.c3 a5 18.Rd1 b4 19.Bxf6 Qxf6 20.cxb4 a4 21.Bc2 Qxb2
22.Be4 Qxd2 23.Rexd2 a3 24.Bd3 Rb8 25.b5 Rc5 26.Bf1 Bh6 27.Rd3 Rbxb5 28.
Rxa3 Rxd5 29.Re1 Rb7 30.Ra8+ Kg7 31.a4 Bd2 32.Ra1 Rc5 33.a5 Be3+ 34.Kh1 
Rbc7 35.g3 Rc1 36.Rxc1 Rxc1 37.Kg2 Rc2+ 38.Kh1 Rc1 39.Kg2 Rc2+ 40.Kh1 Ra2 
41.a6 g5 42.Bc4 Ra1+ 43.Kg2 h5 44.h3 e6 45.Bb5 Ra2+ 46.Kh1 Bf2 47.g4 h4 
48.Rb8 Kf6 49.Rb7 Bc5 50.Rc7 Ra1+ 51.Kg2 Ra2+ 52.Kh1 Ra5 53.Rb7 Ke5 54.Bf1
Kf4 55.Kh2 Ra2+ 56.Bg2 f6 57.Rb1 Ra5 58.Re1 Be3 59.Rb1 Ra4 60.Rb2 d5 0-1

[Event "Tbilisi zt (Women)"]
[Site "Tbilisi"]
[Date "1999.??.??"]
[Round "4"]
[White "Khmiadashvili, Tamari"]
[Black "Tsurtsumia, Natia"]
[Result "1-0"]
[WhiteElo "2197"]
[BlackElo "2122"]
[EventDate "1999.05.07"]
[PlyCount "120"]

1.d4 d5 2.Nf3 Nf6 3.g3 c6 4.Bg2 Bg4 5.Ne5 Bf5 6.Nd2 Nbd7 7.Ndf3 e6 8.O-O 
Be7 9.c3 O-O 10.h3 Be4 11.Nd3 c5 12.dxc5 Nxc5 13.Be3 Qc7 14.Rc1 Ncd7 15.
Bf4 Bd6 16.Bxd6 Qxd6 17.a4 Rfc8 18.a5 b6 19.Ra1 Qc7 20.axb6 axb6 21.Nb4 
Qb7 22.Rxa8 Rxa8 23.Qd4 b5 24.Rd1 Nb6 25.Ne5 Bxg2 26.Kxg2 Na4 27.Nbd3 Ne8 
28.b3 Nb6 29.Nc5 Qc7 30.f4 Nd6 31.g4 Ra2 32.Kf1 Qd8 33.Nf3 Qc7 34.Ke1 h6 
35.Rd3 Ra1+ 36.Rd1 Ra2 37.Kf1 Nb7 38.Nxb7 Qxb7 39.Qc5 Qa6 40.Nd4 Rb2 41.
Qc6 Kh7 42.Rc1 g6 43.b4 Ra2 44.Nxb5 Nc4 45.Qxa6 Rxa6 46.Nd4 f6 47.Nb3 e5 
48.fxe5 fxe5 49.Ke1 Ra2 50.Nc5 Kg7 51.Rd1 Ne3 52.Rd3 d4 53.cxd4 Nc2+ 54.
Kf1 Nxb4 55.Rb3 Nc6 56.d5 Nd4 57.Rb7+ Kg8 58.d6 Ra8 59.e3 Nc6 60.Ne6 Nd8 
1-0

[Event "Tbilisi zt (Women)"]
[Site "Tbilisi"]
[Date "1999.??.??"]
[Round "4"]
[White "Khurtsidze, Nino"]
[Black "Prudnikova, Svetlana"]
[Result "1/2-1/2"]
[WhiteElo "2405"]
[BlackElo "2415"]
[EventDate "1999.05.07"]
[PlyCount "56"]

1.d4 Nf6 2.c4 g6 3.Nf3 Bg7 4.g3 c6 5.Bg2 d5 6.Qb3 O-O 7.Nc3 e6 8.O-O b6 9.
Bf4 Ba6 10.cxd5 exd5 11.Qa3 Bb7 12.b4 Nbd7 13.Rfd1 Qe7 14.Qb2 Rfc8 15.Ne5 
b5 16.a4 Nb6 17.a5 Nc4 18.Nxc4 dxc4 19.Bg5 h6 20.Bxf6 Bxf6 21.Ne4 Rd8 22.
Nc5 Rd6 23.e3 Bg7 24.Qc2 f5 25.Qe2 Re8 26.Qf3 Bc8 27.Rd2 Red8 28.h4 h5 
1/2-1/2

[Event "Tbilisi zt (Women)"]
[Site "Tbilisi"]
[Date "1999.??.??"]
[Round "4"]
[White "Khurtsilava, Inga"]
[Black "Maisuradze, Nino"]
[Result "1-0"]
[WhiteElo "2259"]
[BlackElo "2143"]
[EventDate "1999.05.07"]
[PlyCount "63"]

1.d4 d5 2.Nf3 Nf6 3.e3 Bg4 4.h3 Bxf3 5.Qxf3 e6 6.Nd2 Bd6 7.e4 dxe4 8.Nxe4 
Nxe4 9.Qxe4 c6 10.Qg4 Qf6 11.Bd3 h6 12.Be3 Nd7 13.O-O-O O-O-O 14.Kb1 Kb8 
15.Rhe1 Rhe8 16.a3 c5 17.Bb5 c4 18.Bxc4 Nb6 19.Bb3 Nd5 20.Bc1 Rc8 21.Qe2 
Qd8 22.Qf3 Nf6 23.g4 Qc7 24.c4 Qd7 25.h4 Red8 26.g5 hxg5 27.hxg5 Ne8 28.c5
Bc7 29.g6 Ba5 30.gxf7 Nc7 31.Rg1 Rf8 32.Rxg7 1-0

[Event "Tbilisi zt (Women)"]
[Site "Tbilisi"]
[Date "1999.??.??"]
[Round "4"]
[White "Manakova, Maria"]
[Black "Javakhishvili, Lela"]
[Result "1-0"]
[WhiteElo "2344"]
[BlackElo "2181"]
[EventDate "1999.05.07"]
[PlyCount "71"]

1.d4 Nf6 2.Nf3 e6 3.g3 b6 4.Bg2 Bb7 5.O-O c5 6.c4 cxd4 7.Qxd4 d6 8.Nc3 
Nbd7 9.Nb5 Nc5 10.Rd1 Nfe4 11.b4 a6 12.bxc5 axb5 13.c6 Bxc6 14.Ng5 d5 15.
cxd5 Ra4 16.Qd3 Nc5 17.Qf3 f6 18.e4 Bb7 19.Nf7 Kxf7 20.dxe6+ Ke8 21.Rxd8+ 
Kxd8 22.Be3 Ke8 23.Qe2 Rb4 24.Qd2 Nxe6 25.Rd1 Bc8 26.Qd5 Bc5 27.e5 f5 28.
Qc6+ Ke7 29.Bxc5+ bxc5 30.Qd6+ Kf7 31.Bd5 Re8 32.Qxc5 Rb2 33.Qc3 Re2 34.
Kf1 b4 35.Qc7+ Kf8 36.Qd6+ 1-0